| 000 | 01705nam a2200349 a 4500 | ||
|---|---|---|---|
| 001 | BRCA_3200 | ||
| 005 | 20190320204147.0 | ||
| 008 | 180209s1733----enka---###---#000-0deng-u | ||
| 041 | _aeng | ||
| 044 | _aenk | ||
| 084 |
_a500 _b.K538 _c1733 |
||
| 100 | 1 |
_aCervantes Saavedra, Miguel de _d1547-1616 _9213 |
|
| 245 | 1 | 0 |
_aThe History of the Valorous and Witty Knight-Errant Don Quixote de la Mancha _cWritten in Spanish by Michael Cervantes ; Translated by Several Hands and Published by Peter Motteux. |
| 250 | _a6 | ||
| 260 |
_aLondres _bJ. Knapton _c1733 |
||
| 300 |
_a4 v. _bil. _c17 cm. |
||
| 500 | _aContenido : v.1. Primera parte. Dedicatoria del traductor. Noticia sobre el autor. Prólogo de Cervantes. -- v.2. Texto. -- v.3. Segunda parte . Dedicatoria del traductor. -- v.4. Segunda parte . Dedicatoria del traductor. Prólogo de Cervantes | ||
| 500 | _aEdición : In 4 Vols. Adorn´d with the Best Edition of the Original, Printed at Madrid by Ozell. Nullum Ingenium sine Mixtura Dementiae | ||
| 500 | _aSexta edición de la traducción de Motteux, revisada por J. Ozell. Semipiel Lúdovik Osterc | ||
| 500 | _aEstado físico : Cubierta posterior desprendida vol. 1 | ||
| 500 | _aQM406 | ||
| 546 | _aTexto en : inglés | ||
| 650 | 1 | 4 |
_aNovela española _yÉpoca clásica, 1500-1700 _9215 |
| 650 | 1 | 4 |
_aLiteratura española _yÉpoca clásica, 1500-1700 _9216 |
| 650 | 1 | 4 |
_aNovela española _ySiglo XVII _9217 |
| 650 | 1 | 4 |
_aDon Quijote (Personaje ficticio) _eNovela _9218 |
| 700 | 1 |
_aMotteux, Peter Anthony _d1663-1718 _eTraductor _98573 |
|
| 700 | 1 |
_aOzell, John _d?-1743 _eAnotador _98574 |
|
| 740 | 0 | _aEl Ingenioso Hidalgo Don Quijote de la Mancha | |
| 902 | _aQFM | ||
| 942 |
_2lcc _cB |
||
| 999 |
_c2936 _d2936 |
||